| 000 | 01179cam a22002895a 4500 | ||
|---|---|---|---|
| 999 |
_c14684 _d14684 |
||
| 003 | EG-ScBUE | ||
| 005 | 20201124142001.0 | ||
| 008 | 100823s1982 le f b 000 0 ara d | ||
| 040 |
_aEG- ScBUE _bara _erda _cEG- ScBUE _dEG- ScBUE |
||
| 082 | 0 | 4 |
_a892.7134 _bن ص ر _222 |
| 100 | 1 |
_aنصر، عاطف جودة، _eمؤلف. _917617 |
|
| 245 | 1 | 0 |
_aشعر عمر بن الفارض : _bدراسة في فن الشعر الصوفي / _cالدكتور عاطف جودة نصر. |
| 250 | _aالطبعة الأولى. | ||
| 264 | 1 |
_aبيروت، لبنان : _bدار الأندلس للطباعة والنشر والتوزيع، _c1982. |
|
| 300 |
_a312 صفحة ؛ _c24 سم |
||
| 336 |
_2rdacontent _aنص _btxt |
||
| 337 |
_2rdamedia _aبدون وسيط _bn |
||
| 338 |
_2rdacarrier _aمجلد _bnc |
||
| 504 | _aيشتمل على إرجاعات ببليوجرافية. | ||
| 541 |
_aألف باء ؛ _cشراء ؛ |
||
| 590 | _aAbdullah Samir | ||
| 650 | 7 |
_aالشعر الصوفي _2BUEsh _917618 |
|
| 650 | 7 |
_aالشعر العربي _xتاريخ _yالعصر العباسي _2BUEsh |
|
| 653 |
_bARALIT _cJanuary2020 |
||
| 655 |
_vReading book _934232 |
||
| 942 |
_2ddc _cBB |
||